Textbook of Decretarial Practice (Std XII) (Record no. 796216)

MARC details
000 -LEADER
fixed length control field 00582nam a2200217Ia 4500
008 - FIXED-LENGTH DATA ELEMENTS--GENERAL INFORMATION
fixed length control field 101110s9999 xx 000 0 und d
041 ## - LANGUAGE CODE
Language code of text/sound track or separate title ENGLISH
082 ## - DEWEY DECIMAL CLASSIFICATION NUMBER
Item number JR5421
100 ## - MAIN ENTRY--PERSONAL NAME
Personal name Joshi V.A, Shejwalkar P.C
245 ## - TITLE STATEMENT
Title Textbook of Decretarial Practice (Std XII)
260 ## - PUBLICATION, DISTRIBUTION, ETC. (IMPRINT)
Date of publication, distribution, etc 2007
Name of publisher, distributor, etc Narendra Prakashan, Pune
300 ## - PHYSICAL DESCRIPTION
Extent 270
365 ## - TRADE PRICE
Price amount 54
520 ## - SUMMARY, ETC.
Summary, etc Commerce
546 ## - LANGUAGE NOTE
Language note ENGLISH
630 ## - SUBJECT ADDED ENTRY--UNIFORM TITLE
Uniform title Textbook of Decretarial Practice (Std XII)
650 ## - SUBJECT ADDED ENTRY--TOPICAL TERM
Topical term or geographic name as entry element Commerce
655 ## - INDEX TERM--GENRE/FORM
Genre/form data or focus term Commerce
730 ## - ADDED ENTRY--UNIFORM TITLE
Uniform title Textbook of Decretarial Practice (Std XII)
942 ## - ADDED ENTRY ELEMENTS (KOHA)
Koha item type Book
Holdings
Withdrawn status Lost status Damaged status Not for loan Home library Current library Date acquired Source of acquisition Cost, normal purchase price Shelving control number Total Checkouts Barcode Date last seen Price effective from Koha item type
        D. B. J. College, Chiplun D. B. J. College, Chiplun   Bookland, Chiplun, bill no. 219, dt.7/5/07 54.00     DBJJR5421 11/11/2010 11/11/2010 Book